Public finance (Record no. 10164)
[ view plain ]
| 000 -LEADER | |
|---|---|
| fixed length control field | 00447cam a2200193ua 4500 |
| 001 - CONTROL NUMBER | |
| control field | 11328 |
| 005 - DATE AND TIME OF LATEST TRANSACTION | |
| control field | 20260515114735.0 |
| 008 - FIXED-LENGTH DATA ELEMENTS--GENERAL INFORMATION | |
| fixed length control field | 190912n ii |||gr||||Z||||||eng |
| 040 ## - CATALOGING SOURCE | |
| Transcribing agency | MAIN |
| 041 ## - LANGUAGE CODE | |
| Language code of text/sound track or separate title | eng |
| 082 ## - DEWEY DECIMAL CLASSIFICATION NUMBER | |
| Classification number | 336 |
| 100 ## - MAIN ENTRY--PERSONAL NAME | |
| Personal name | R K Lekhi, |
| Relator term | Author. |
| 245 ## - TITLE STATEMENT | |
| Title | Public finance |
| Statement of responsibility, etc. | By R K Lekhi |
| 250 ## - EDITION STATEMENT | |
| Edition statement | 5th rev. |
| 260 ## - PUBLICATION, DISTRIBUTION, ETC. | |
| Place of publication, distribution, etc. | New Delhi: |
| Name of publisher, distributor, etc. | Kalyani publishers, |
| Date of publication, distribution, etc. | 1996. |
| 300 ## - PHYSICAL DESCRIPTION | |
| Extent | 506p. |
| 653 ## - INDEX TERM--UNCONTROLLED | |
| Uncontrolled term | Public finance |
| 942 ## - ADDED ENTRY ELEMENTS (KOHA) | |
| Koha item type | Books |
| Withdrawn status | Lost status | Damaged status | Not for loan | Home library | Current library | Shelving location | Date acquired | Total checkouts | Full call number | Barcode | Date last seen | Date last checked out | Copy number | Price effective from | Koha item type |
|---|---|---|---|---|---|---|---|---|---|---|---|---|---|---|---|
| Naharkatiya College Library | Naharkatiya College Library | General stacks | 09/19/2020 | 2 | 336Public finance | LEK | 2430 | 08/27/2024 | 08/16/2024 | 1 | 09/19/2020 | Books |